000
00248nam a2200097Ia 4500
008
240331s9999 xx 000 0 und d
082
_b
GUN
100
_a
Gunaratna, R
245
0
_a
Sri Lanka a lost revolution :
_b
the inside story of the JVP
942
_c
L
999
_c
2389
_d
2389